LIBRARY & INFORMATION CENTRE, KCAET, TAVANUR

ONLINE PUBLIC ACCESS CATALOGUE (OPAC)

Normal view MARC view
  • BRIJESH KUMAR R

Entry Personal Name

Number of records used in: 1

001 - CONTROL NUMBER

  • control field: 2481

003 - CONTROL NUMBER IDENTIFIER

  • control field: OSt

005 - DATE AND TIME OF LATEST TRANSACTION

  • control field: 20180110121242.0

008 - FIXED-LENGTH DATA ELEMENTS

  • fixed length control field: 180110|| aca||aabn | a|a d

040 ## - CATALOGING SOURCE

  • Original cataloging agency: OSt
  • Transcribing agency: OSt

100 ## - HEADING--PERSONAL NAME

  • Personal name: BRIJESH KUMAR R

670 ## - SOURCE DATA FOUND

  • Source citation: Work cat.: (OSt): BRIJESH KUMAR R GANGA NIMMY JOSE CHERIPURAM, Development of a self propelled pre - germinated paddy seeder
free website counter